| 000 | 00439nam a2200181Ia 4500 | ||
|---|---|---|---|
| 008 | 230524s9999 xx 000 0 und d | ||
| 020 | _a8187328118 | ||
| 082 |
_a510 _bARU |
||
| 100 | _aS.Arumugan | ||
| 245 | 0 | _aEngineering Mathemathics Vol-II | |
| 250 | _a1ST | ||
| 260 |
_aCHENNAI _bScitech _c2004 |
||
| 300 | _a636 | ||
| 500 | _aQuantity Number: 2 | ||
| 650 | _aMathematics | ||
| 700 | _a A.Somasundaram A.T Isaac | ||
| 942 | _cBK | ||
| 999 |
_c11403 _d11403 |
||